Digital Logic and Computer Design (Record no. 132596)

000 -LEADER
fixed length control field 00335nam a2200133Ia 4500
008 - FIXED-LENGTH DATA ELEMENTS--GENERAL INFORMATION
fixed length control field 220120s9999||||xx |||||||||||||| ||und||
020 ## - INTERNATIONAL STANDARD BOOK NUMBER
International Standard Book Number 8172241895
082 ## - DEWEY DECIMAL CLASSIFICATION NUMBER
Classification number 621.395 MAN
100 ## - MAIN ENTRY--PERSONAL NAME
Personal name Mano, M Morris
245 #0 - TITLE STATEMENT
Title Digital Logic and Computer Design
260 ## - PUBLICATION, DISTRIBUTION, ETC.
Place of publication, distribution, etc. Pearson
Name of publisher, distributor, etc. Mumbai
300 ## - PHYSICAL DESCRIPTION
Extent viii;223
Other physical details 325
650 ## - SUBJECT ADDED ENTRY--TOPICAL TERM
Topical term or geographic name entry element MECHANICAL
Holdings
Withdrawn status Lost status Damaged status Not for loan Collection code Home library Current library Date acquired Barcode Date last seen Price effective from Koha item type
        Electronics and Communication Engineering Central Library Central Library 01/20/2022 ST252 01/20/2022 01/20/2022 Scheduled Tribe Book Bank

Powered by Koha